Chinese Cities with Metro - Statistics

General Stats
  • This quiz has been taken 225 times
  • The average score is 29 of 46
Answer Stats
Metro City % Correct
Beijing
99%
Shanghai
99%
Guangzhou
94%
Wuhan
93%
Nanjing
89%
Chengdu
88%
Chongqing
88%
Hong Kong
88%
Shenzhen
88%
Tianjin
88%
Xi'an
87%
Harbin
83%
Xiamen
82%
Hangzhou
78%
Ürümqi
78%
Dalian
76%
Qingdao
76%
Nanning
74%
Changsha
73%
Kunming
72%
Fuzhou
71%
Suzhou
70%
Macau
68%
Zhengzhou
66%
Hefei
63%
Jinan
61%
Wenzhou
58%
Changchun
57%
Ningbo
57%
Wuxi
57%
Dongguan
54%
Lanzhou
54%
Shijiazhuang
53%
Foshan
47%
Nanchang
47%
Taiyuan
47%
Hohhot
46%
Changzhou
45%
Guiyang
39%
Nantong
37%
Luoyang
36%
Xuzhou
34%
Wuhu
30%
Shaoxing
24%
Jinhua
18%
Shenyuan
2%
No matching quizzes found
Score Distribution
Percent of People with Each Score
Percentile by Number Answered
Your Score History
You have not taken this quiz